000 00432nam a2200157Ia 4500
008 230312s9999||||xx |||||||||||||| ||und||
020 _a978-81-904803-2
082 _a302.234
_bRAW-D
100 _aRawat,D.K.S.
245 0 _aDigital Media and Communication Technology
260 _bSwastik Publishers
_aDelhi
_c2007
300 _a256
546 _aEng.
650 _aEconomics
_vImproving Journalism for 21st Century ,
942 _cBK
999 _c4556
_d4556